000 01572nam a2200241Ia 4500
999 _c51966
_d51966
001 18967
003 GE_BSU
005 20220919111611.0
008 181216s2013||||ge |||||||||||||| ||geo||
040 _cGE_BSU
041 _ageo
080 _a81 ა-14
100 _aაბაშიძე, ნათია
_95228
245 _aინტერპერსონალური კომუნიკაციის ლინგვოპრაგმატიკა საზღვაო - საურთიერთო პრაქტიკაში :
_bდისერტაცია /
_cნათია აბაშიძე; სამეცნიერო ხელმძღვანელი ქ. ჯაში; ბათუმის შოთა რუსთაველის სახ-ფო უნ-ტი.
264 _aბათუმი :
_bბათუმის შოთა რუსთაველის სახ. უნ-ტი,
_c2012.
300 _a161 გვ.;
_b30 სმ.
653 _aდისერტაცია
653 _aინტერპერსონალური კომუნიკაციის ლინგვოპრაგმატიკა საზღვაო-საურთიერთო პრაქტიკაში
653 _aლიტმცოდნეობა
700 _aჯაში, ქ.
_eსამეცნიერო ხელმძღვანელი
_911595
710 _a ბათუმის შოთა რუსთაველის სახ-ფო უნ-ტი
_914620
942 _cDS
_2udc